| 000 | 01669cam a22003975a 4500 | ||
|---|---|---|---|
| 001 | 14625625 | ||
| 005 | 20161009145928.0 | ||
| 006 | a||||fq||u 00| 0 | ||
| 008 | 061106r20072004enka frbd 001 0 eng d | ||
| 010 | _a 2006285502 | ||
| 015 | _aGBA4-X3989 | ||
| 020 | _a0863413609 | ||
| 020 | _a9780863413605 | ||
| 035 | _a(OCoLC)ocm56442546 | ||
| 040 |
_aUKM _beng _cUKM _dVPI _dOCLCQ _dUMC _dDLC _dEG-ScBUE |
||
| 082 | 0 | 4 |
_a621.3848 _bGRO _222 |
| 245 | 0 | 0 |
_aGround penetrating radar / _cedited by David J. Daniels. |
| 250 | _a2nd ed. | ||
| 260 |
_aLondon : _bInstitution of Electrical Engineers, _cc.2004. |
||
| 300 |
_axxv, 726 p. : _bill. ; _c25 cm. + _e1 CD-ROM (4 3/4 in.) |
||
| 490 | 0 |
_aIEE radar, sonar, navigation, and avionics series ; _v15 |
|
| 500 | _aPrevious ed.: Surface-penetrating radar / D.J. Daniels. c1996. | ||
| 500 | _aIncludes glossary. | ||
| 500 | _aAccompanying CD-ROM includes an Evaluation Version of Mathcad 11 Single User Edition, which will expire 15 days from installation--T.p. verso. | ||
| 504 | _aIncludes bibliographical references and index. | ||
| 538 | _aSystem requirements: Microsoft Word 2000; Microsoft Powerpoint 2000; Media Player; Paint Shop Pro. | ||
| 650 | 0 |
_aGround penetrating radar. _2BUEsh _936954 |
|
| 651 | _2BUEsh | ||
| 653 |
_bENGARC _cOctober2016 |
||
| 655 |
_vReading book _934232 |
||
| 700 | 1 |
_aDaniels, D. J. _941355 |
|
| 700 | 1 |
_aDaniels, D. J. _tSurface-penetrating radar. |
|
| 856 | 4 | 1 |
_3Table of contents only _uhttp://www.loc.gov/catdir/enhancements/fy0651/2006285502-t.html |
| 856 | 4 | 2 |
_3Publisher description _uhttp://www.loc.gov/catdir/enhancements/fy0651/2006285502-d.html |
| 942 | _2ddc | ||
| 999 |
_c22469 _d22441 |
||